00454nam a22001697a 450000500170000001000150001702000230003203500140005503700090006908200080007810000150008624500440010125000100014526000400015527000690019530000200026420241022114157.0 aENG-142243 a8170820855c200.00 aEN-125775 bDBAD a233 aKumar, Raj aCharisma of Trika Houses/cby Raj Kumar aFirst bSagar PublicationsaNew Delhic2008 a72, Janpath, Ved Mansion,bNew Delhie110001k23320648k23328245 a245p.c21cm(pb)